Fikr o nazar (Vol- 1, 2 ,3 No.50)/ (Record no. 96509)
[ view plain ]
| 000 -LEADER | |
|---|---|
| fixed length control field | 00399nam a22001457a 4500 |
| 005 - DATE AND TIME OF LATEST TRANSACTION | |
| control field | 20170807092300.0 |
| 008 - FIXED-LENGTH DATA ELEMENTS--GENERAL INFORMATION | |
| fixed length control field | 170807b xxu||||| |||| 00| 0 eng d |
| 022 ## - INTERNATIONAL STANDARD SERIAL NUMBER | |
| International Standard Serial Number | 04304055 |
| 040 ## - CATALOGING SOURCE | |
| Transcribing agency | PK-LaUMT |
| 082 ## - DEWEY DECIMAL CLASSIFICATION NUMBER | |
| Classification number | ZIAC 297.05 |
| Item number | FIK- |
| 245 ## - TITLE STATEMENT | |
| Title | Fikr o nazar (Vol- 1, 2 ,3 No.50)/ |
| 260 ## - PUBLICATION, DISTRIBUTION, ETC. (IMPRINT) | |
| Place of publication, distribution, etc | اسلام آباد: |
| Name of publisher, distributor, etc | ادارہ تحقیقات اسلامی، |
| Date of publication, distribution, etc | 2012 |
| 300 ## - PHYSICAL DESCRIPTION | |
| Extent | 195 ص |
| 942 ## - ADDED ENTRY ELEMENTS (KOHA) | |
| Koha item type | Books |
| Withdrawn status | Lost status | Damaged status | Home library | Current library | Date acquired | Full call number | Barcode | Date last seen | Price effective from | Koha item type | Copy number |
|---|---|---|---|---|---|---|---|---|---|---|---|
| UMT Main Campus | UMT Main Campus | 2017-08-07 | ZIAC 297.05 FIK- | 112117 | 2017-08-07 | 2017-08-07 | Books | ||||
| UMT Main Campus | UMT Main Campus | 2017-08-07 | ZIAC 297.05 FIK- | 112115 | 2017-08-07 | 2017-08-07 | Books | c-2 | |||
| UMT Main Campus | UMT Main Campus | 2017-08-07 | ZIAC 297.05 FIK- | 112114 | 2022-06-17 | 2017-08-07 | Books | c-3 |
